Pony Pals / (Record no. 7962)
[ view plain ]
| 000 -LEADER | |
|---|---|
| fixed length control field | 01029nam a22003857a 4500 |
| 003 - CONTROL NUMBER IDENTIFIER | |
| control field | OSt |
| 005 - DATE AND TIME OF LATEST TRANSACTION | |
| control field | 20140310181958.0 |
| 008 - FIXED-LENGTH DATA ELEMENTS--GENERAL INFORMATION | |
| fixed length control field | 130727t xxu||||| |||| 00| 0 eng d |
| 020 ## - INTERNATIONAL STANDARD BOOK NUMBER | |
| International Standard Book Number | 0590485830 |
| 020 ## - INTERNATIONAL STANDARD BOOK NUMBER | |
| International Standard Book Number | 059048584 |
| 020 ## - INTERNATIONAL STANDARD BOOK NUMBER | |
| International Standard Book Number | 0590866311 |
| 020 ## - INTERNATIONAL STANDARD BOOK NUMBER | |
| International Standard Book Number | 059025243 |
| 020 ## - INTERNATIONAL STANDARD BOOK NUMBER | |
| International Standard Book Number | 0590866001 |
| 050 ## - LIBRARY OF CONGRESS CALL NUMBER | |
| Classification number | PZ 7 |
| Item number | .B562 1994, 1995, 1997, |
| 082 ## - DEWEY DECIMAL CLASSIFICATION NUMBER | |
| Classification number | KF |
| Item number | B46p ## |
| 100 ## - MAIN ENTRY--PERSONAL NAME | |
| Personal name | Betancourt, Jeanne |
| 9 (RLIN) | 4862 |
| 245 ## - TITLE STATEMENT | |
| Title | Pony Pals / |
| Statement of responsibility, etc | Jeanne Betancourt. |
| 260 ## - PUBLICATION, DISTRIBUTION, ETC. (IMPRINT) | |
| Place of publication, distribution, etc | New York : |
| Name of publisher, distributor, etc | Scholastic, |
| Date of publication, distribution, etc | c199#. |
| 300 ## - PHYSICAL DESCRIPTION | |
| Extent | 81 p. ; |
| Dimensions | 19 cm. |
| 541 ## - IMMEDIATE SOURCE OF ACQUISITION NOTE | |
| -- | 1 |
| 541 ## - IMMEDIATE SOURCE OF ACQUISITION NOTE | |
| -- | 2 |
| 541 ## - IMMEDIATE SOURCE OF ACQUISITION NOTE | |
| -- | 1 |
| 541 ## - IMMEDIATE SOURCE OF ACQUISITION NOTE | |
| -- | 1 |
| 541 ## - IMMEDIATE SOURCE OF ACQUISITION NOTE | |
| -- | 1 |
| 541 ## - IMMEDIATE SOURCE OF ACQUISITION NOTE | |
| -- | 1 |
| 562 ## - COPY AND VERSION IDENTIFICATION NOTE | |
| Number of copies | 6 |
| 650 ## - SUBJECT ADDED ENTRY--TOPICAL TERM | |
| Topical term or geographic name as entry element | Children's literature. |
| 9 (RLIN) | 1986 |
| 650 ## - SUBJECT ADDED ENTRY--TOPICAL TERM | |
| Topical term or geographic name as entry element | Ponies |
| General subdivision | Fiction. |
| 9 (RLIN) | 4863 |
| 830 ## - SERIES ADDED ENTRY--UNIFORM TITLE | |
| Uniform title | I want a pony |
| 9 (RLIN) | 4864 |
| 830 ## - SERIES ADDED ENTRY--UNIFORM TITLE | |
| Uniform title | A pony for keeps |
| 9 (RLIN) | 4865 |
| 830 ## - SERIES ADDED ENTRY--UNIFORM TITLE | |
| Uniform title | The story of our ponies |
| 9 (RLIN) | 4866 |
| 830 ## - SERIES ADDED ENTRY--UNIFORM TITLE | |
| Uniform title | Too many Ponies |
| 9 (RLIN) | 4867 |
| 830 ## - SERIES ADDED ENTRY--UNIFORM TITLE | |
| Uniform title | The girl who hated ponies |
| 9 (RLIN) | 4868 |
| 942 ## - ADDED ENTRY ELEMENTS (KOHA) | |
| Source of classification or shelving scheme | Library of Congress Classification |
| Koha item type | |
| Call number prefix | |
| Withdrawn status | Lost status | Source of classification or shelving scheme | Damaged status | Home library | Current library | Shelving location | Date acquired | Total Checkouts | Full call number | Barcode | Date last seen | Copy number | Price effective from | Koha item type |
|---|---|---|---|---|---|---|---|---|---|---|---|---|---|---|
| Library of Congress Classification | Luxembourg Library | Luxembourg Library | Kids Fiction Section | 07/27/2013 | PZ 7 .B562p1 1994 | 11673 | 08/13/2013 | 1 | 07/27/2013 | Books | ||||
| Library of Congress Classification | Luxembourg Library | Luxembourg Library | Kids Fiction Section | 07/27/2013 | PZ 7 .B562p1 1994 | 10307 | 08/13/2013 | 2 | 07/27/2013 | Books | ||||
| Library of Congress Classification | Luxembourg Library | Luxembourg Library | Kids Fiction Section | 07/27/2013 | PZ 7 .B562p2 1995 | 11744 | 08/13/2013 | 1 | 07/27/2013 | Books | ||||
| Library of Congress Classification | Luxembourg Library | Luxembourg Library | Kids Fiction Section | 07/27/2013 | PZ 7 .B562p2 1997 | 10300 | 08/13/2013 | 1 | 07/27/2013 | Books | ||||
| Library of Congress Classification | Luxembourg Library | Luxembourg Library | Kids Fiction Section | 07/27/2013 | PZ 7 .B562p6 1995 | 11743 | 05/25/2015 | 1 | 07/27/2013 | Books | ||||
| Library of Congress Classification | Luxembourg Library | Luxembourg Library | Kids Fiction Section | 07/27/2013 | PZ 7 .B562p13 1997 | 5891 | 08/13/2013 | 1 | 07/27/2013 | Books |